[Event "SVK-chT1E 1920"]
[Site "Slovakia"]
[Date "2020.02.23"]
[Round "9.5"]
[White "Greno, Pavol"]
[Black "Sorkovsky, Miroslav"]
[Result "1/2-1/2"]
[WhiteElo "1744"]
[BlackElo "2129"]
[PlyCount "42"]
[EventDate "2019.10.12"]
[EventType "team-tourn"]
[EventRounds "11"]
[EventCountry "SVK"]
[SourceTitle "CBM 195 Extra"]
[Source "ChessBase"]
[SourceDate "2020.05.31"]
[SourceVersion "1"]
[SourceVersionDate "2020.05.31"]
[SourceQuality "1"]
[WhiteTeam "Humenne Reinter II"]
[BlackTeam "Banska Bystrica Junior"]
[WhiteTeamCountry "SVK"]
[BlackTeamCountry "SVK"]

1. e4 c5 2. Nf3 d6 3. d4 cxd4 4. Nxd4 Nf6 5. Nc3 a6 6. Be3 e5 7. Nb3 Be7 8. Be2 Be6 9. g4 d5 10. exd5 Nxd5 11. Nxd5 Bxd5 12. Rg1 0-0 13. Qd2 Be6 14. Bd3 Nd7 15. 0-0-0 Qc7 16. f4 Nc5 17. Nxc5 Bxc5 18. Bxc5 Qxc5 19. f5 Bc4 20. f6 Bxd3 21. Qxd3 e4 1/2-1/2

[Event "SVK-ch U14"]
[Site "Liptovsky Mikulas"]
[Date "2019.04.24"]
[Round "2"]
[White "Brnusak, Tomas"]
[Black "Greno, Pavol"]
[Result "1-0"]
[WhiteElo "1961"]
[BlackElo "1603"]
[PlyCount "41"]
[EventDate "2019.04.23"]
[EventType "swiss"]
[EventRounds "9"]
[EventCountry "SVK"]
[SourceTitle "CBM 190 Extra"]
[Source "ChessBase"]
[SourceDate "2019.07.15"]
[SourceVersion "1"]
[SourceVersionDate "2019.07.15"]
[SourceQuality "1"]

1. d4 d5 2. c4 Nc6 3. Nc3 Nf6 4. cxd5 Nxd5 5. e4 Nxc3 6. bxc3 e5 7. d5 Ne7 8. Nf3 Ng6 9. Be3 Bd6 10. Bb5+ Ke7 11. 0-0 h6 12. Ne1 Nf4 13. Bxf4 exf4 14. Nd3 f6 15. Qh5 g5 16. Rfe1 Be5 17. Rad1 Qf8 18. Qg6 Qg8 19. Nxe5 c6 20. d6+ Kd8 21. Qxf6+ 1-0

[Event "SVK-ch U14"]
[Site "Liptovsky Mikulas"]
[Date "2019.04.24"]
[Round "3"]
[White "Greno, Pavol"]
[Black "Licka, Daniel"]
[Result "0-1"]
[WhiteElo "1603"]
[BlackElo "1405"]
[PlyCount "96"]
[EventDate "2019.04.23"]
[EventType "swiss"]
[EventRounds "9"]
[EventCountry "SVK"]
[SourceTitle "CBM 190 Extra"]
[Source "ChessBase"]
[SourceDate "2019.07.15"]
[SourceVersion "1"]
[SourceVersionDate "2019.07.15"]
[SourceQuality "1"]

1. e4 e5 2. Nf3 Nc6 3. Bc4 f5 4. d3 h6 5. Nc3 Nf6 6. 0-0 d6 7. a3 Qe7 8. Re1 f4 9. d4 Bd7 10. Nd5 Nxd5 11. exd5 Na5 12. Bd3 b6 13. dxe5 0-0-0 14. Bxf4 g5 15. exd6 Qf7 16. dxc7 Qxf4 17. cxd8Q+ Kxd8 18. d6 Bxd6 19. Re4 Qf6 20. b4 Nc6 21. Bb5 Rf8 22. Bxc6 Bxc6 23. Rd4 Kc7 24. Rxd6 Qxd6 25. Qxd6+ Kxd6 26. Rd1+ Kc7 27. Nd4 Re8 28. Nxc6 Kxc6 29. Kf1 Kc7 30. Rd3 Re6 31. f3 Rc6 32. c3 b5 33. Ke2 Ra6 34. c4 bxc4 35. Rc3 Re6+ 36. Kf2 Rc6 37. h3 Kd6 38. Ke3 Kd5 39. g3 Re6+ 40. Kd2 Kd4 41. Rc1 Rf6 42. Rf1 Re6 43. f4 c3+ 44. Kc1 gxf4 45. Rxf4+ Kd3 46. Rf3+ Kc4 47. Rf2 Kb3 48. b5 Re1# 0-1